[Event "LOTTO Polish Championship"]
[Site "chess24.com"]
[Date "2019.05.16"]
[Round "6"]
[White "Piorun, Kacper"]
[Black "Heberla, Bartlomiej"]
[Result "1-0"]
[Board "1"]
[WhiteElo "2657"]
[WhiteTitle "GM"]
[WhiteCountry "POL"]
[WhiteFideId "1130420"]
[WhiteEloChange "4"]
[BlackElo "2556"]
[BlackTitle "GM"]
[BlackCountry "POL"]
[BlackFideId "1115120"]
[BlackEloChange "-4"]

1. d4 {[%clk 1:30:57]} Nf6 {[%clk 1:30:45]} 2. c4 {[%clk 1:31:21]} d6 {[%clk
1:30:22]} 3. Nc3 {[%clk 1:30:44]} e5 {[%clk 1:30:43]} 4. Nf3 {[%clk 1:29:41]}
Nbd7 {[%clk 1:31:08]} 5. g3 {[%clk 1:28:17]} c6 {[%clk 1:30:48]} 6. Bg2 {[%clk
1:17:43]} e4 {[%clk 1:31:07]} 7. Nd2 {[%clk 1:17:48]} d5 {[%clk 1:28:24]} 8. cxd5
{[%clk 1:17:47]} cxd5 {[%clk 1:28:51]} 9. f3 {[%clk 1:18:10]} exf3 {[%clk
1:28:38]} 10. Nxf3 {[%clk 1:15:28]} Be7 {[%clk 1:27:57]} 11. O-O {[%clk 1:14:32]}
Nb6 {[%clk 1:28:00]} 12. Qd3 {[%clk 1:11:15]} O-O {[%clk 1:27:32]} 13. a4 {[%clk
1:01:09]} g6 {[%clk 1:20:57]} 14. Ne5 {[%clk 0:59:38]} Be6 {[%clk 1:20:06]} 15.
a5 {[%clk 0:53:50]} Nbd7 {[%clk 1:16:58]} 16. a6 {[%clk 0:53:41]} Nxe5 {[%clk
0:56:19]} 17. dxe5 {[%clk 0:54:07]} Ng4 {[%clk 0:38:10]} 18. axb7 {[%clk
0:54:30]} Qb6+ {[%clk 0:38:37]} 19. Kh1 {[%clk 0:54:50]} Rad8 {[%clk 0:30:20]}
20. Nxd5 {[%clk 0:54:18]} Bxd5 {[%clk 0:16:57]} 21. Bxd5 {[%clk 0:54:40]} Qf2
{[%clk 0:17:07]} 22. Bg2 {[%clk 0:48:35]} Qxf1+ {[%clk 0:07:29]} 23. Bxf1 {[%clk
0:49:04]} Nf2+ {[%clk 0:07:58]} 24. Kg1 {[%clk 0:49:24]} Nxd3 {[%clk 0:08:24]}
25. exd3 {[%clk 0:49:52]} Bc5+ {[%clk 0:08:33]} 26. Kh1 {[%clk 0:50:04]} Rd7
{[%clk 0:08:04]} 27. Bg2 {[%clk 0:44:40]} Rb8 {[%clk 0:06:37]} 28. Be4 {[%clk
0:38:17]} Bd4 {[%clk 0:02:51]} 29. Ra5 {[%clk 0:35:37]} Rdxb7 {[%clk 0:01:16]}
30. Bxb7 {[%clk 0:36:01]} Rxb7 {[%clk 0:01:44]} 31. Kg2 {[%clk 0:34:03]} Re7
{[%clk 0:00:40]} 32. Rd5 {[%clk 0:23:24]} Bxe5 {[%clk 0:00:56]} 33. Bh6 {[%clk
0:22:16]} Bc7 {[%clk 0:00:55]} 34. Kf3 {[%clk 0:21:41]} f6 {[%clk 0:01:24]} 35.
Be3 {[%clk 0:21:55]} Be5 {[%clk 0:00:54]} 36. Bc5 {[%clk 0:21:32]} Rb7 {[%clk
0:00:42]} 37. Rd8+ {[%clk 0:19:25]} Kf7 {[%clk 0:01:03]} 38. d4 {[%clk 0:19:52]}
Bc7 {[%clk 0:00:37]} 39. Rd7+ {[%clk 0:20:17]} Ke6 {[%clk 0:01:05]} 40. Re7+
{[%clk 0:49:54]} Kd5 {[%clk 0:31:33]} 41. b4 {[%clk 0:50:19]} h5 {[%clk 0:28:43]}
42. b5 {[%clk 0:38:25]} g5 {[%clk 0:20:55]} 43. Ke2 {[%clk 0:36:35]} Kc4 {[%clk
0:16:41]} 44. Bd6 {[%clk 0:36:40]} Rxb5 {[%clk 0:17:09]} 45. Rxc7+ {[%clk
0:33:45]} Kxd4 {[%clk 0:17:36]} 46. Ba3 {[%clk 0:32:21]} Ra5 {[%clk 0:06:42]} 47.
Bc1 {[%clk 0:29:19]} Ra2+ {[%clk 0:06:19]} 48. Bd2 {[%clk 0:29:45]} Ke4 {[%clk
0:06:29]} 49. Rh7 {[%clk 0:29:35]} Ra1 {[%clk 0:05:10]} 50. Rxh5 {[%clk 0:29:48]}
Rh1 {[%clk 0:04:55]} 51. Rh6 {[%clk 0:28:52]} Kf5 {[%clk 0:01:00]} 52. Bc3 {[%clk
0:29:14]} Kg4 {[%clk 0:01:28]} 53. Bxf6 {[%clk 0:29:20]} a5 {[%clk 0:01:57]} 54.
Kf2 {[%clk 0:29:02]} a4 {[%clk 0:02:12]} 55. Be7 {[%clk 0:28:04]} Rb1 {[%clk
0:01:01]} 56. h3+ {[%clk 0:28:04]} Kf5 {[%clk 0:01:29]} 57. g4+ {[%clk 0:28:05]}
Kf4 {[%clk 0:01:52]} 58. Rf6+ {[%clk 0:28:05]} Ke4 {[%clk 0:02:06]} 59. Re6+
{[%clk 0:27:19]} Kd5 {[%clk 0:02:19]} 60. Re3 {[%clk 0:27:37]} 1-0

[Event "LOTTO Polish Championship"]
[Site "chess24.com"]
[Date "2019.05.16"]
[Round "6"]
[White "Sadzikowski, Daniel"]
[Black "Tomczak, Jacek"]
[Result "1/2-1/2"]
[Board "2"]
[WhiteElo "2522"]
[WhiteTitle "GM"]
[WhiteCountry "POL"]
[WhiteFideId "1132253"]
[WhiteEloChange "2"]
[BlackElo "2631"]
[BlackTitle "GM"]
[BlackCountry "POL"]
[BlackFideId "1124668"]
[BlackEloChange "-2"]

1. e4 {[%clk 1:30:52]} c5 {[%clk 1:30:51]} 2. Nf3 {[%clk 1:31:16]} Nc6 {[%clk
1:31:14]} 3. Nc3 {[%clk 1:31:27]} e5 {[%clk 1:30:40]} 4. Bc4 {[%clk 1:31:50]} Be7
{[%clk 1:27:54]} 5. d3 {[%clk 1:32:06]} Nf6 {[%clk 1:25:14]} 6. Nd2 {[%clk
1:32:14]} O-O {[%clk 1:10:27]} 7. Nf1 {[%clk 1:32:24]} Ne8 {[%clk 1:10:10]} 8.
Ne3 {[%clk 1:30:25]} Kh8 {[%clk 1:06:06]} 9. O-O {[%clk 1:25:24]} Nd6 {[%clk
1:00:39]} 10. Ned5 {[%clk 1:10:07]} Bg5 {[%clk 0:49:31]} 11. Bxg5 {[%clk
0:53:14]} Qxg5 {[%clk 0:49:48]} 12. Qc1 {[%clk 0:51:14]} Qxc1 {[%clk 0:41:45]}
13. Raxc1 {[%clk 0:51:18]} Nd4 {[%clk 0:41:52]} 14. a4 {[%clk 0:48:20]} Nxc4
{[%clk 0:38:07]} 15. dxc4 {[%clk 0:48:46]} d6 {[%clk 0:38:28]} 16. Rfe1 {[%clk
0:39:58]} Rd8 {[%clk 0:26:35]} 17. Nb5 {[%clk 0:33:57]} Be6 {[%clk 0:14:41]} 18.
Ndc7 {[%clk 0:30:15]} Rac8 {[%clk 0:14:55]} 19. Nxe6 {[%clk 0:26:09]} fxe6 {[%clk
0:13:56]} 20. Nxa7 {[%clk 0:18:18]} Ra8 {[%clk 0:14:15]} 21. Nb5 {[%clk 0:18:46]}
Rxa4 {[%clk 0:14:17]} 22. Ra1 {[%clk 0:19:15]} Rxa1 {[%clk 0:09:38]} 23. Rxa1
{[%clk 0:19:43]} Nxb5 {[%clk 0:10:03]} 24. cxb5 {[%clk 0:20:09]} Kg8 {[%clk
0:10:25]} 25. Kf1 {[%clk 0:18:42]} Kf7 {[%clk 0:10:15]} 26. Ra7 {[%clk 0:16:24]}
Rb8 {[%clk 0:09:57]} 27. c4 {[%clk 0:14:58]} Ke7 {[%clk 0:09:39]} 28. Ke2 {[%clk
0:15:24]} Kd7 {[%clk 0:06:02]} 29. Ra3 {[%clk 0:11:57]} Rg8 {[%clk 0:02:32]} 30.
Rh3 {[%clk 0:11:00]} h6 {[%clk 0:02:40]} 31. Rf3 {[%clk 0:11:08]} Ke7 {[%clk
0:02:57]} 32. Ra3 {[%clk 0:11:00]} Kd7 {[%clk 0:03:17]} 33. Rg3 {[%clk 0:08:44]}
Ke7 {[%clk 0:03:21]} 34. Ra3 {[%clk 0:06:42]} 1/2-1/2

[Event "LOTTO Polish Championship"]
[Site "chess24.com"]
[Date "2019.05.16"]
[Round "6"]
[White "Dragun, Kamil"]
[Black "Janik, Igor"]
[Result "1-0"]
[Board "3"]
[WhiteElo "2591"]
[WhiteTitle "GM"]
[WhiteCountry "POL"]
[WhiteFideId "1134167"]
[WhiteEloChange "3"]
[BlackElo "2469"]
[BlackTitle "IM"]
[BlackCountry "POL"]
[BlackFideId "1159259"]
[BlackEloChange "-3"]

1. Nf3 {[%clk 1:30:48]} Nf6 {[%clk 1:30:53]} 2. g3 {[%clk 1:31:01]} g6 {[%clk
1:31:18]} 3. Bg2 {[%clk 1:31:10]} Bg7 {[%clk 1:31:40]} 4. O-O {[%clk 1:31:14]}
O-O {[%clk 1:32:03]} 5. d4 {[%clk 1:31:42]} d5 {[%clk 1:32:25]} 6. Nbd2 {[%clk
1:31:16]} c6 {[%clk 1:31:28]} 7. b3 {[%clk 1:30:57]} a5 {[%clk 1:31:36]} 8. c4
{[%clk 1:30:35]} Ne4 {[%clk 1:31:59]} 9. Bb2 {[%clk 1:29:05]} Bf5 {[%clk
1:32:20]} 10. Nh4 {[%clk 1:21:09]} Nxd2 {[%clk 1:32:44]} 11. Qxd2 {[%clk
1:21:28]} Be6 {[%clk 1:33:10]} 12. f4 {[%clk 1:21:24]} Nd7 {[%clk 1:23:58]} 13.
c5 {[%clk 1:09:20]} b6 {[%clk 1:22:23]} 14. cxb6 {[%clk 1:07:04]} Qxb6 {[%clk
1:22:35]} 15. e3 {[%clk 1:01:31]} a4 {[%clk 1:20:18]} 16. b4 {[%clk 1:01:06]} a3
{[%clk 1:19:17]} 17. Bc3 {[%clk 1:01:30]} Nf6 {[%clk 1:12:57]} 18. Qc2 {[%clk
1:01:45]} Ne8 {[%clk 1:06:32]} 19. Rfc1 {[%clk 0:52:31]} Nd6 {[%clk 1:04:22]} 20.
Bf1 {[%clk 0:52:48]} Bf6 {[%clk 1:03:19]} 21. Nf3 {[%clk 0:51:06]} Bf5 {[%clk
1:03:25]} 22. Bd3 {[%clk 0:46:20]} Rfc8 {[%clk 0:54:34]} 23. Bxf5 {[%clk
0:44:55]} Nxf5 {[%clk 0:55:02]} 24. Qe2 {[%clk 0:42:13]} Nd6 {[%clk 0:51:48]} 25.
Rab1 {[%clk 0:41:50]} e6 {[%clk 0:48:42]} 26. Rb3 {[%clk 0:41:08]} h5 {[%clk
0:45:28]} 27. Be1 {[%clk 0:41:08]} Nb5 {[%clk 0:45:36]} 28. Ne5 {[%clk 0:40:29]}
Rc7 {[%clk 0:42:47]} 29. Qd3 {[%clk 0:39:50]} Kg7 {[%clk 0:41:26]} 30. Kg2 {[%clk
0:39:29]} Rh8 {[%clk 0:39:30]} 31. h3 {[%clk 0:39:39]} g5 {[%clk 0:38:24]} 32.
Rc5 {[%clk 0:32:15]} Be7 {[%clk 0:34:49]} 33. fxg5 {[%clk 0:28:28]} Bxg5 {[%clk
0:27:54]} 34. Nxc6 {[%clk 0:27:49]} Nd6 {[%clk 0:28:17]} 35. Ne5 {[%clk 0:24:24]}
Ne4 {[%clk 0:27:35]} 36. Rxa3 {[%clk 0:23:57]} Bf6 {[%clk 0:23:42]} 37. Ra6
{[%clk 0:21:36]} Qb7 {[%clk 0:22:33]} 38. Rxc7 {[%clk 0:18:08]} Qxc7 {[%clk
0:23:01]} 39. Rc6 {[%clk 0:18:29]} Qe7 {[%clk 0:20:40]} 40. Nf3 {[%clk 0:46:43]}
Rg8 {[%clk 0:50:10]} 41. Qc2 {[%clk 0:39:29]} Kh6 {[%clk 0:49:29]} 42. Rc8 {[%clk
0:39:10]} Rxc8 {[%clk 0:47:22]} 43. Qxc8 {[%clk 0:39:35]} Qa7 {[%clk 0:47:49]}
44. Qc2 {[%clk 0:37:53]} Qa3 {[%clk 0:48:07]} 45. b5 {[%clk 0:29:03]} Bd8 {[%clk
0:47:45]} 46. Ne5 {[%clk 0:27:46]} Qxe3 {[%clk 0:46:48]} 47. Bf2 {[%clk 0:26:06]}
Nxf2 {[%clk 0:47:08]} 48. Qxf2 {[%clk 0:26:28]} Qe4+ {[%clk 0:47:35]} 49. Kh2
{[%clk 0:26:25]} Be7 {[%clk 0:47:22]} 50. Qf4+ {[%clk 0:26:20]} Qxf4 {[%clk
0:47:43]} 51. gxf4 {[%clk 0:26:48]} f6 {[%clk 0:48:02]} 52. Nd7 {[%clk 0:26:33]}
Bd6 {[%clk 0:48:19]} 53. Kg3 {[%clk 0:26:28]} 1-0

[Event "LOTTO Polish Championship"]
[Site "chess24.com"]
[Date "2019.05.16"]
[Round "6"]
[White "Gajewski, Grzegorz"]
[Black "Bartel, Mateusz"]
[Result "1-0"]
[Board "4"]
[WhiteElo "2613"]
[WhiteTitle "GM"]
[WhiteCountry "POL"]
[WhiteFideId "1116207"]
[WhiteEloChange "5"]
[BlackElo "2598"]
[BlackTitle "GM"]
[BlackCountry "POL"]
[BlackFideId "1112635"]
[BlackEloChange "-5"]

1. d4 {[%clk 1:30:55]} d5 {[%clk 1:30:53]} 2. c4 {[%clk 1:31:20]} c6 {[%clk
1:31:18]} 3. Nc3 {[%clk 1:31:36]} dxc4 {[%clk 1:31:41]} 4. e3 {[%clk 1:31:46]} b5
{[%clk 1:32:04]} 5. a4 {[%clk 1:32:12]} b4 {[%clk 1:32:26]} 6. Ne4 {[%clk
1:31:46]} Qd5 {[%clk 1:32:47]} 7. Nd2 {[%clk 1:32:11]} c3 {[%clk 1:33:08]} 8.
bxc3 {[%clk 1:32:38]} bxc3 {[%clk 1:33:29]} 9. Nb1 {[%clk 1:32:52]} Qa5 {[%clk
1:33:52]} 10. Qc2 {[%clk 1:33:15]} Na6 {[%clk 1:34:05]} 11. Qxc3 {[%clk 1:33:38]}
Nb4 {[%clk 1:34:28]} 12. Bd2 {[%clk 1:33:35]} e6 {[%clk 1:32:11]} 13. Nf3 {[%clk
1:33:32]} Nf6 {[%clk 1:32:16]} 14. Bc4 {[%clk 1:33:09]} Bd6 {[%clk 1:29:17]} 15.
Qb3 {[%clk 1:14:41]} O-O {[%clk 1:27:42]} 16. O-O {[%clk 1:15:04]} Rb8 {[%clk
1:26:16]} 17. Rc1 {[%clk 1:15:20]} Qh5 {[%clk 1:25:57]} 18. Na3 {[%clk 1:02:19]}
Ne4 {[%clk 1:20:20]} 19. Be1 {[%clk 0:51:05]} a5 {[%clk 1:20:42]} 20. Qd1 {[%clk
0:48:28]} Rd8 {[%clk 1:06:50]} 21. Be2 {[%clk 0:46:29]} Qd5 {[%clk 1:02:30]} 22.
Nc4 {[%clk 0:43:04]} Bf8 {[%clk 0:40:11]} 23. Nfe5 {[%clk 0:37:54]} Ba6 {[%clk
0:40:33]} 24. Nxa5 {[%clk 0:25:28]} Qxa5 {[%clk 0:34:02]} 25. Nxc6 {[%clk
0:23:27]} Bxe2 {[%clk 0:33:46]} 26. Qxe2 {[%clk 0:23:47]} Nxc6 {[%clk 0:33:52]}
27. Bxa5 {[%clk 0:24:13]} Nxa5 {[%clk 0:34:13]} 28. Qc2 {[%clk 0:24:25]} Nd6
{[%clk 0:33:51]} 29. Rab1 {[%clk 0:22:19]} Ndc4 {[%clk 0:34:01]} 30. g3 {[%clk
0:21:05]} Rbc8 {[%clk 0:31:03]} 31. Rb5 {[%clk 0:15:11]} Ra8 {[%clk 0:31:13]} 32.
Qd3 {[%clk 0:14:47]} Rdc8 {[%clk 0:30:28]} 33. Kg2 {[%clk 0:14:41]} Rc6 {[%clk
0:30:38]} 34. e4 {[%clk 0:07:01]} Nb2 {[%clk 0:21:28]} 35. Qd2 {[%clk 0:07:24]}
Nbc4 {[%clk 0:18:04]} 36. Qe2 {[%clk 0:07:25]} Ne5 {[%clk 0:11:23]} 37. Rxc6
{[%clk 0:06:47]} Nexc6 {[%clk 0:11:51]} 38. Qd3 {[%clk 0:06:41]} g6 {[%clk
0:11:57]} 39. d5 {[%clk 0:06:27]} exd5 {[%clk 0:12:16]} 40. Qxd5 {[%clk 0:33:45]}
Ra6 {[%clk 0:41:41]} 41. e5 {[%clk 0:32:50]} Kg7 {[%clk 0:37:14]} 42. e6 {[%clk
0:26:51]} fxe6 {[%clk 0:37:40]} 43. Qxe6 {[%clk 0:27:14]} Ra7 {[%clk 0:38:09]}
44. Rxa5 {[%clk 0:26:12]} Nxa5 {[%clk 0:38:09]} 45. Qb6 {[%clk 0:26:26]} Ra8
{[%clk 0:38:06]} 46. Qd4+ {[%clk 0:26:51]} Kh6 {[%clk 0:38:31]} 47. Qf4+ {[%clk
0:27:14]} Kg7 {[%clk 0:38:52]} 48. Qe5+ {[%clk 0:27:25]} Kh6 {[%clk 0:39:17]} 49.
h4 {[%clk 0:27:19]} Ra6 {[%clk 0:35:48]} 50. g4 {[%clk 0:24:24]} 1-0

[Event "LOTTO Polish Championship"]
[Site "chess24.com"]
[Date "2019.05.16"]
[Round "6"]
[White "Gumularz, Szymon"]
[Black "Socko, Bartosz"]
[Result "1-0"]
[Board "5"]
[WhiteElo "2483"]
[WhiteTitle "IM"]
[WhiteCountry "POL"]
[WhiteFideId "1188062"]
[WhiteEloChange "7"]
[BlackElo "2627"]
[BlackTitle "GM"]
[BlackCountry "POL"]
[BlackFideId "1107038"]
[BlackEloChange "-7"]

1. e4 {[%clk 1:30:57]} e5 {[%clk 1:30:54]} 2. Nf3 {[%clk 1:31:15]} Nf6 {[%clk
1:31:17]} 3. Nxe5 {[%clk 1:30:40]} d6 {[%clk 1:31:39]} 4. Nf3 {[%clk 1:31:03]}
Nxe4 {[%clk 1:32:03]} 5. d4 {[%clk 1:30:05]} d5 {[%clk 1:32:25]} 6. Bd3 {[%clk
1:30:29]} Nc6 {[%clk 1:32:32]} 7. O-O {[%clk 1:30:45]} Be7 {[%clk 1:32:57]} 8.
Nbd2 {[%clk 1:30:50]} Nxd2 {[%clk 1:32:01]} 9. Bxd2 {[%clk 1:31:07]} Bg4 {[%clk
1:31:44]} 10. c3 {[%clk 1:31:26]} O-O {[%clk 1:29:27]} 11. h3 {[%clk 1:31:22]}
Bh5 {[%clk 1:26:13]} 12. g3 {[%clk 1:28:23]} Qd7 {[%clk 1:12:20]} 13. Kg2 {[%clk
1:28:35]} Bg6 {[%clk 1:12:39]} 14. Bxg6 {[%clk 1:25:01]} fxg6 {[%clk 1:11:02]}
15. Qe2 {[%clk 1:19:14]} Rae8 {[%clk 1:07:56]} 16. Rae1 {[%clk 1:12:17]} Bd6
{[%clk 1:03:53]} 17. Qd3 {[%clk 1:07:17]} Qf5 {[%clk 1:03:56]} 18. Qxf5 {[%clk
1:05:12]} gxf5 {[%clk 1:04:07]} 19. g4 {[%clk 0:55:55]} Nd8 {[%clk 0:43:23]} 20.
Nh4 {[%clk 0:41:37]} fxg4 {[%clk 0:39:27]} 21. hxg4 {[%clk 0:41:57]} Nf7 {[%clk
0:25:24]} 22. f4 {[%clk 0:20:39]} c6 {[%clk 0:23:04]} 23. f5 {[%clk 0:16:23]} Be7
{[%clk 0:21:09]} 24. Nf3 {[%clk 0:15:27]} Nd6 {[%clk 0:21:33]} 25. Ne5 {[%clk
0:10:00]} Ne4 {[%clk 0:20:26]} 26. Bf4 {[%clk 0:10:00]} Bh4 {[%clk 0:17:49]} 27.
Re2 {[%clk 0:09:35]} Bf6 {[%clk 0:17:56]} 28. Rfe1 {[%clk 0:04:03]} a6 {[%clk
0:13:22]} 29. Nd7 {[%clk 0:02:32]} Rf7 {[%clk 0:13:27]} 30. Nc5 {[%clk 0:02:33]}
Rfe7 {[%clk 0:07:55]} 31. Nxe4 {[%clk 0:02:23]} Rxe4 {[%clk 0:08:17]} 32. Rxe4
{[%clk 0:02:50]} dxe4 {[%clk 0:08:27]} 33. Be5 {[%clk 0:02:10]} Kf7 {[%clk
0:06:20]} 34. Rxe4 {[%clk 0:02:31]} h5 {[%clk 0:06:44]} 35. gxh5 {[%clk 0:02:03]}
Rh8 {[%clk 0:07:13]} 36. Bxf6 {[%clk 0:01:39]} Kxf6 {[%clk 0:07:36]} 37. Re6+
{[%clk 0:01:43]} Kf7 {[%clk 0:05:49]} 38. Rd6 {[%clk 0:01:34]} Ke7 {[%clk
0:06:17]} 39. Rg6 {[%clk 0:01:56]} Kf7 {[%clk 0:06:45]} 40. Rg5 {[%clk 0:31:08]}
Kf6 {[%clk 0:36:55]} 41. Rg6+ {[%clk 0:29:46]} Kf7 {[%clk 0:37:13]} 42. Rd6
{[%clk 0:16:54]} Ke7 {[%clk 0:33:50]} 43. Re6+ {[%clk 0:16:57]} Kf7 {[%clk
0:30:46]} 44. d5 {[%clk 0:13:43]} cxd5 {[%clk 0:18:31]} 45. Rb6 {[%clk 0:13:38]}
Rxh5 {[%clk 0:18:55]} 46. Rxb7+ {[%clk 0:13:59]} Kf6 {[%clk 0:19:21]} 47. Rb6+
{[%clk 0:13:38]} Kxf5 {[%clk 0:19:44]} 48. Rxa6 {[%clk 0:14:02]} Rh8 {[%clk
0:18:43]} 49. Rb6 {[%clk 0:05:27]} Ra8 {[%clk 0:16:31]} 50. a3 {[%clk 0:05:52]}
Ke4 {[%clk 0:16:55]} 51. Rb4+ {[%clk 0:05:50]} Kd3 {[%clk 0:16:31]} 52. Kf3
{[%clk 0:06:10]} Rf8+ {[%clk 0:14:14]} 53. Kg4 {[%clk 0:06:23]} Re8 {[%clk
0:14:30]} 54. Kf5 {[%clk 0:04:40]} Re4 {[%clk 0:14:58]} 55. Rb7 {[%clk 0:04:08]}
Kc2 {[%clk 0:13:51]} 56. Rb5 {[%clk 0:03:56]} Re1 {[%clk 0:08:45]} 57. a4 {[%clk
0:03:52]} Rf1+ {[%clk 0:08:42]} 58. Ke5 {[%clk 0:03:40]} g5 {[%clk 0:09:10]} 59.
Kxd5 {[%clk 0:02:43]} g4 {[%clk 0:09:32]} 60. Rb4 {[%clk 0:02:30]} Rf5+ {[%clk
0:08:54]} 61. Ke6 {[%clk 0:01:03]} Rg5 {[%clk 0:08:46]} 62. Kf6 {[%clk 0:01:28]}
Rg8 {[%clk 0:09:02]} 63. Kf7 {[%clk 0:01:53]} Rg5 {[%clk 0:09:27]} 64. Kf6 {[%clk
0:02:19]} Rg8 {[%clk 0:09:53]} 65. Kf7 {[%clk 0:02:47]} Rg5 {[%clk 0:10:17]} 66.
Rb5 {[%clk 0:02:16]} Rxb5 {[%clk 0:09:57]} 67. axb5 {[%clk 0:02:44]} g3 {[%clk
0:10:18]} 68. b6 {[%clk 0:03:12]} g2 {[%clk 0:10:43]} 69. b7 {[%clk 0:03:40]} g1Q
{[%clk 0:11:08]} 70. b8Q {[%clk 0:04:05]} Qf2+ {[%clk 0:11:08]} 71. Ke6 {[%clk
0:04:23]} Qe2+ {[%clk 0:10:52]} 72. Qe5 {[%clk 0:03:59]} Qc4+ {[%clk 0:10:06]}
73. Qd5 {[%clk 0:04:14]} Qc8+ {[%clk 0:09:36]} 74. Ke5 {[%clk 0:04:10]} Qb8+
{[%clk 0:08:39]} 75. Ke4 {[%clk 0:03:52]} Qe8+ {[%clk 0:08:19]} 76. Kd4 {[%clk
0:04:07]} Qh8+ {[%clk 0:08:13]} 77. Qe5 {[%clk 0:04:32]} Qd8+ {[%clk 0:08:31]}
78. Qd5 {[%clk 0:03:14]} Qf6+ {[%clk 0:07:56]} 79. Kc5 {[%clk 0:03:27]} Kxb2
{[%clk 0:06:33]} 80. c4 {[%clk 0:03:40]} Kc3 {[%clk 0:05:58]} 81. Kb5 {[%clk
0:03:57]} Qf4 {[%clk 0:06:22]} 82. c5 {[%clk 0:03:39]} Qb8+ {[%clk 0:06:50]} 83.
Ka6 {[%clk 0:03:57]} Qc8+ {[%clk 0:07:08]} 84. Kb6 {[%clk 0:04:20]} Qb8+ {[%clk
0:07:12]} 85. Qb7 {[%clk 0:04:43]} Qd8+ {[%clk 0:07:37]} 86. Qc7 {[%clk 0:05:00]}
Qd4 {[%clk 0:07:51]} 87. Qd6 {[%clk 0:04:45]} Qf2 {[%clk 0:07:44]} 88. Qd5 {[%clk
0:04:11]} Kb4 {[%clk 0:07:41]} 89. Qe4+ {[%clk 0:04:08]} Ka3 {[%clk 0:07:59]} 90.
Kb5 {[%clk 0:03:32]} Qf1+ {[%clk 0:06:23]} 91. Qc4 {[%clk 0:03:49]} Qf5 {[%clk
0:05:10]} 92. Kb6 {[%clk 0:03:54]} Qf8 {[%clk 0:04:54]} 93. Qd3+ {[%clk 0:04:03]}
Kb4 {[%clk 0:05:02]} 94. Qd4+ {[%clk 0:04:15]} Kb3 {[%clk 0:05:16]} 95. c6 {[%clk
0:03:01]} Qb8+ {[%clk 0:05:41]} 96. Ka6 {[%clk 0:03:20]} Qc8+ {[%clk 0:05:49]}
97. Kb5 {[%clk 0:03:40]} Qe8 {[%clk 0:05:56]} 98. Qd7 {[%clk 0:02:47]} Qe5+
{[%clk 0:06:07]} 99. Ka6 {[%clk 0:02:55]} Qe2+ {[%clk 0:06:05]} 100. Ka7 {[%clk
0:03:12]} Qe3+ {[%clk 0:06:10]} 101. Kb8 {[%clk 0:03:01]} Qf4+ {[%clk 0:06:20]}
102. c7 {[%clk 0:02:20]} Qb4+ {[%clk 0:06:39]} 103. Ka7 {[%clk 0:02:16]} Qa5+
{[%clk 0:05:02]} 104. Kb7 {[%clk 0:02:40]} Qb4+ {[%clk 0:05:29]} 105. Ka6 {[%clk
0:03:03]} Qa3+ {[%clk 0:05:42]} 106. Kb6 {[%clk 0:03:29]} Ka2 {[%clk 0:04:40]}
107. Qd5+ {[%clk 0:03:37]} Ka1 {[%clk 0:05:01]} 108. Qa5 {[%clk 0:04:01]} 1-0

[Event "LOTTO Polish Championship"]
[Site "chess24.com"]
[Date "2019.05.17"]
[Round "7"]
[White "Socko, Bartosz"]
[Black "Piorun, Kacper"]
[Result "1/2-1/2"]
[Board "1"]
[WhiteElo "2627"]
[WhiteTitle "GM"]
[WhiteCountry "POL"]
[WhiteFideId "1107038"]
[BlackElo "2657"]
[BlackTitle "GM"]
[BlackCountry "POL"]
[BlackFideId "1130420"]

1. e4 {[%clk 1:30:58]} e5 {[%clk 1:30:49]} 2. Nf3 {[%clk 1:31:23]} Nc6 {[%clk
1:31:15]} 3. Bc4 {[%clk 1:31:46]} Bc5 {[%clk 1:31:38]} 4. c3 {[%clk 1:32:11]} Nf6
{[%clk 1:31:16]} 5. d4 {[%clk 1:32:37]} exd4 {[%clk 1:31:38]} 6. cxd4 {[%clk
1:33:02]} Bb4+ {[%clk 1:31:33]} 7. Bd2 {[%clk 1:33:25]} Nxe4 {[%clk 1:28:20]} 8.
Bxb4 {[%clk 1:33:44]} Nxb4 {[%clk 1:28:46]} 9. Bxf7+ {[%clk 1:33:57]} Kxf7 {[%clk
1:29:12]} 10. Qb3+ {[%clk 1:34:20]} d5 {[%clk 1:29:37]} 11. Ne5+ {[%clk 1:34:42]}
Ke6 {[%clk 1:29:52]} 12. Qxb4 {[%clk 1:35:06]} Qf8 {[%clk 1:30:18]} 13. Qxf8
{[%clk 1:35:26]} Rxf8 {[%clk 1:30:44]} 14. f3 {[%clk 1:35:49]} Nf6 {[%clk
1:26:13]} 15. Nc3 {[%clk 1:35:35]} c6 {[%clk 1:25:41]} 16. O-O {[%clk 1:34:22]}
Kd6 {[%clk 1:26:02]} 17. g4 {[%clk 1:32:54]} b6 {[%clk 1:20:44]} 18. Rfe1 {[%clk
1:29:46]} Nd7 {[%clk 1:14:06]} 19. Kg2 {[%clk 1:28:08]} Nxe5 {[%clk 1:00:26]} 20.
Rxe5 {[%clk 1:16:24]} Rf4 {[%clk 0:57:11]} 21. Ne2 {[%clk 1:16:33]} Rf7 {[%clk
0:53:11]} 22. Re1 {[%clk 1:12:34]} Bd7 {[%clk 0:53:18]} 23. Kg3 {[%clk 1:10:52]}
Raf8 {[%clk 0:50:53]} 24. f4 {[%clk 1:11:13]} g6 {[%clk 0:45:23]} 25. b4 {[%clk
1:09:05]} Ra8 {[%clk 0:37:37]} 26. Nc3 {[%clk 1:04:48]} Raf8 {[%clk 0:27:54]} 27.
Rf1 {[%clk 1:03:00]} h5 {[%clk 0:26:12]} 28. b5 {[%clk 0:53:06]} h4+ {[%clk
0:16:48]} 29. Kxh4 {[%clk 0:53:16]} Rxf4 {[%clk 0:16:39]} 30. Rxf4 {[%clk
0:53:26]} Rxf4 {[%clk 0:17:05]} 31. Rg5 {[%clk 0:53:31]} Rxd4 {[%clk 0:16:28]}
32. Rxg6+ {[%clk 0:53:38]} Kc5 {[%clk 0:16:48]} 33. Rg7 {[%clk 0:53:03]} Kd6
{[%clk 0:14:42]} 34. Rg6+ {[%clk 0:49:57]} Kc5 {[%clk 0:15:08]} 35. Rg7 {[%clk
0:50:10]} Kd6 {[%clk 0:15:34]} 1/2-1/2

[Event "LOTTO Polish Championship"]
[Site "chess24.com"]
[Date "2019.05.17"]
[Round "7"]
[White "Bartel, Mateusz"]
[Black "Gumularz, Szymon"]
[Result "1-0"]
[Board "2"]
[WhiteElo "2598"]
[WhiteTitle "GM"]
[WhiteCountry "POL"]
[WhiteFideId "1112635"]
[WhiteEloChange "3"]
[BlackElo "2483"]
[BlackTitle "IM"]
[BlackCountry "POL"]
[BlackFideId "1188062"]
[BlackEloChange "-3"]

1. e4 {[%clk 1:30:56]} c6 {[%clk 1:30:51]} 2. d4 {[%clk 1:31:17]} d5 {[%clk
1:31:13]} 3. e5 {[%clk 1:31:41]} Bf5 {[%clk 1:31:30]} 4. Nf3 {[%clk 1:32:04]} e6
{[%clk 1:31:54]} 5. c3 {[%clk 1:32:30]} c5 {[%clk 1:24:04]} 6. Qb3 {[%clk
1:32:51]} Qb6 {[%clk 1:14:29]} 7. Na3 {[%clk 1:33:13]} Nc6 {[%clk 1:11:11]} 8.
dxc5 {[%clk 1:28:48]} Bxc5 {[%clk 1:08:04]} 9. Qxb6 {[%clk 1:29:10]} Bxb6 {[%clk
1:07:55]} 10. Nb5 {[%clk 1:29:26]} Bg4 {[%clk 1:03:33]} 11. a4 {[%clk 1:10:17]}
Kd7 {[%clk 0:55:51]} 12. Nd6 {[%clk 0:59:11]} Bxf3 {[%clk 0:46:46]} 13. gxf3
{[%clk 0:59:33]} Nxe5 {[%clk 0:45:40]} 14. Nxb7 {[%clk 0:59:59]} a5 {[%clk
0:36:27]} 15. b4 {[%clk 1:00:09]} axb4 {[%clk 0:34:51]} 16. cxb4 {[%clk 0:50:16]}
Nxf3+ {[%clk 0:34:16]} 17. Kd1 {[%clk 0:50:32]} Nf6 {[%clk 0:33:58]} 18. Ra3
{[%clk 0:46:25]} Ne5 {[%clk 0:33:38]} 19. Bb5+ {[%clk 0:39:29]} Kc7 {[%clk
0:29:01]} 20. Na5 {[%clk 0:37:45]} Ne4 {[%clk 0:27:00]} 21. Bf4 {[%clk 0:37:13]}
f6 {[%clk 0:24:57]} 22. Ke2 {[%clk 0:30:32]} Bxa5 {[%clk 0:21:25]} 23. bxa5
{[%clk 0:30:52]} Rxa5 {[%clk 0:10:00]} 24. Rc1+ {[%clk 0:29:33]} Kb7 {[%clk
0:09:43]} 25. Rb3 {[%clk 0:28:28]} Nd6 {[%clk 0:09:06]} 26. Bd7+ {[%clk 0:25:46]}
Ka8 {[%clk 0:08:55]} 27. Bxe5 {[%clk 0:26:09]} fxe5 {[%clk 0:06:49]} 28. Rc7
{[%clk 0:26:27]} 1-0